| Tag |
First Indicator |
Second Indicator |
Subfields |
| LEADER |
00000cam a22000004a 4500 |
| 001 |
in00002363748 |
| 005 |
20151109040756.0 |
| 008 |
070124s2007 enkab b 001 0 eng |
| 010 |
|
|
|a 2007002942
|
| 015 |
|
|
|a GBA753781
|2 bnb
|
| 016 |
7 |
|
|a 013789686
|2 Uk
|
| 020 |
|
|
|a 9780754638520
|
| 020 |
|
|
|a 0754638529
|
| 035 |
|
|
|a (OCoLC)ocm80360137
|
| 035 |
|
|
|a (OCoLC)80360137
|
| 040 |
|
|
|a DLC
|c DLC
|d BAKER
|d BTCTA
|d YDXCP
|d C#P
|d UKM
|d UtOrBLW
|
| 043 |
|
|
|a a-ai---
|
| 049 |
|
|
|a TXAM
|
| 050 |
0 |
0 |
|a DS186
|b .J66 2007
|
| 082 |
0 |
0 |
|a 956.6/2013
|2 22
|
| 100 |
1 |
|
|a Jones, Lynn,
|d 1958-
|
| 245 |
1 |
0 |
|a Between Islam and Byzantium :
|b Aght'amar and the visual construction of medieval Armenian rulership /
|c Lynn Jones.
|
| 264 |
|
1 |
|a Aldershot, England ;
|a Burlington, VT :
|b Ashgate,
|c [2007]
|
| 264 |
|
4 |
|c ©2007
|
| 300 |
|
|
|a xv, 144 pages :
|b illustrations, map ;
|c 26 cm.
|
| 336 |
|
|
|a text
|b txt
|2 rdacontent
|
| 337 |
|
|
|a unmediated
|b n
|2 rdamedia
|
| 338 |
|
|
|a volume
|b nc
|2 rdacarrier
|
| 504 |
|
|
|a Includes bibliographical references (pages 129-139) and index.
|
| 651 |
|
0 |
|a Armenia
|x History
|y Bagratuni dynasty, 885-1045.
|
| 600 |
3 |
0 |
|a Bagratid dynasty.
|
| 651 |
|
0 |
|a Armenia
|x Kings and rulers.
|
| 650 |
|
0 |
|a Monarchy
|z Armenia.
|
| 610 |
2 |
0 |
|a Surb Khachʻ Ekeghetsʻi (Van İli, Turkey)
|
| 650 |
|
0 |
|a Kings and rulers in art.
|
| 856 |
4 |
1 |
|3 Table of contents only
|u http://www.loc.gov/catdir/toc/ecip079/2007002942.html
|t 0
|
| 938 |
|
|
|a Baker & Taylor
|b BKTY
|c 99.95
|d 99.95
|i 0754638529
|n 0007147745
|s active
|
| 938 |
|
|
|a Baker and Taylor
|b BTCP
|n BK0007147745
|
| 938 |
|
|
|a YBP Library Services
|b YANK
|n 2518858
|
| 945 |
|
|
|a PromptCat
|b 359765
|
| 946 |
|
|
|a stk
|
| 947 |
|
|
|a A14836837050
|
| 994 |
|
|
|a 92
|b TXA
|
| 948 |
|
|
|a cataloged
|b h
|c 2008/3/20
|d c
|e asalazar
|f 4:37:01 pm
|
| 999 |
|
|
|a MARS
|
| 999 |
f |
f |
|s 2298c76d-1c8b-3be7-9a6a-b2eacd7620ce
|i 43bf52f9-1c1b-346b-b7cc-82f868e0f6f2
|t 0
|
| 952 |
f |
f |
|p ric
|a Texas A&M University
|b Rellis Campus
|c Joint Library Facility
|d Remote Storage
|t 0
|e DS186 .J66 2007
|h Library of Congress classification
|i unmediated -- volume
|m A14836837050
|
| 998 |
f |
f |
|a DS186 .J66 2007
|t 0
|l Remote Storage
|